000 00840nam a2200205 i 4500
001 26263
003 ES-MaACL
005 20250827022413.0
007 t|
008 030108s1977 sp ||||1| spa d
110 2 _aAssociation Générale des Hygienistes et Techniciens Municipaux.
_91822
245 1 0 _aTécnicas de higiene urbana
_b: recogida y tratamiento de basuras, limpieza de las vías públicas /
_c... prólogo de André Herzog... ; traducido... por Francisco Sanabria Celis.
260 _aMadrid :
_bInstituto de Estudios de Administracion Local,
_c1977.
300 _aXIV, 701 p. ;
_c25 cm.
700 1 _aHerzog, André.
_963444
700 1 _aSanabria Celis, Francisco.
_9102319
710 2 _aInstituto de Estudios de Administración Local (España)
_94893
852 _aES-MaACL
_jA-7312
_bR.96332
999 _c26263
_d26263